书目信息 |
| 题名: |
工程力学与工程结构
|
|
| 作者: | ;武汉水利电力学院工程力学与工程结构教研室 编 | |
| 分册: | 下 | |
| 出版信息: | 北京 人民教育出版社 1976 |
|
| 页数: | 298页 | |
| 开本: | 26cm | |
| 丛书名: | ||
| 单 册: | ||
| 中图分类: | TV3 | |
| 科图分类: | ||
| 主题词: | 水工结构—结构力学 , 结构力学—水工结构 , 水工结构 | |
| 电子资源: | ||
| ISBN: | ||
| 000 | 00774nam0 2200241 45 980 | |
| 001 | 0630236655 | |
| 005 | 20060805082509.78 | |
| 010 | @dCNY1.60 | |
| 100 | @a19980109d1976 em y0chiy0121 ea | |
| 101 | 0 | @achi |
| 102 | @aCN@b110000 | |
| 105 | @ay z 000yy | |
| 106 | @ar | |
| 200 | 10 | @a工程力学与工程结构@Agong cheng li xue yu gong cheng jie gou@h下@f武汉水利电力学院工程力学与工程结构教研室编 |
| 210 | @a北京@c人民教育出版社@d1976 | |
| 215 | @a298页@d26cm | |
| 606 | @a水工结构—结构力学 | |
| 606 | @a结构力学—水工结构 | |
| 606 | 0 | @a水工结构 |
| 690 | @aTV3@v3 | |
| 711 | 02 | @a武汉水利电力学院工程力学与工程结构教研室@Awu han shui li dian li xue yuan gong cheng li xue yu gong cheng jie gou jiao yan shi@4编 |
| 801 | 0 | @c20060805 |
| 905 | @a10447@dTV3@e27:3 | |
| 工程力学与工程结构.下/武汉水利电力学院工程力学与工程结构教研室编 .-北京:人民教育出版社,1976 |
| 298页;26cm |
| ISBN :CNY1.60 |
| ● |
| 相关链接 |
|
|
|
|
正题名:工程力学与工程结构
索取号:TV3/27:3
 
预约/预借
| 序号 | 登录号 | 条形码 | 馆藏地/架位号 | 状态 | 备注 |
| 1 | 0451489 | 204514891 | 密集书库/ [索取号:TV3/27:3] | 在馆 | |
| 2 | 0451490 | 204514908 | 密集书库/ [索取号:TV3/27:3] | 在馆 |